Thematic Cartography and Geographic Visualization (Record no. 617090)

000 -LEADER
fixed length control field 00606nam a22001817a 4500
003 - CONTROL NUMBER IDENTIFIER
control field NUST
005 - DATE AND TIME OF LATEST TRANSACTION
control field 20260415145628.0
008 - FIXED-LENGTH DATA ELEMENTS--GENERAL INFORMATION
fixed length control field 260415b ||||| |||| 00| 0 eng d
020 ## - INTERNATIONAL STANDARD BOOK NUMBER
International Standard Book Number 978-0130351234
082 ## - DEWEY DECIMAL CLASSIFICATION NUMBER
Classification number 526
Author Mark SLO
100 ## - MAIN ENTRY--PERSONAL NAME
Personal name Terry A. Slocum, Robert B. McMaster, Fritz C. Kessler, Hugh H. Howard.
9 (RLIN) 134147
245 ## - TITLE STATEMENT
Title Thematic Cartography and Geographic Visualization
Statement of responsibility, etc. Terry A. Slocum, Robert B. McMaster, Fritz C. Kessler, Hugh H. Howard.
250 ## - EDITION STATEMENT
Edition statement 2nd Edition
260 ## - PUBLICATION, DISTRIBUTION, ETC.
Name of publisher, distributor, etc. Pearson College Div,
Date of publication, distribution, etc. 2004.
300 ## - PHYSICAL DESCRIPTION
Extent 518 p ;
Dimensions 35.00 cm
563 ## - BINDING INFORMATION
Binding note Hardcover
942 ## - ADDED ENTRY ELEMENTS (KOHA)
Source of classification or shelving scheme
Koha item type Book
Holdings
Withdrawn status Lost status Source of classification or shelving scheme Damaged status Not for loan Permanent Location Current Location Date acquired Total Checkouts Full call number Barcode Date last seen Price effective from Koha item type
          Institute of Geographical Information Systems (IGIS) Institute of Geographical Information Systems (IGIS) 04/15/2026   526 SLO IGIS-57 04/15/2026 04/15/2026 Book
© 2023 Central Library, National University of Sciences and Technology. All Rights Reserved.